00537nam a22001937a 450000500170000001000130001702000260003003500130005603700130006908200110008210000150009324500540010825000120016226000300017427000830020430000260028750000190031376000110033220180313115313.0 aB-663851 a9789351434900c995.00 aB-663851 bBookwell a345.54 aGaur, K.D. aCriminal law :bcases & materials /cby K.D. Gaur a10th ed aGurgaonbLexisNexisc2017 a14th Floor, Building No.10, Tower-B, DLF Cyber City, Phase-IIbGurgaone122002 alxiv,1056p.c25cm(Hb) aIncludes index b4th ed